10 Standard Firefighting Orders (multiple choice) - Statistics

General Stats
  • This quiz has been taken 21 times
  • The average score is 9 of 10
Answer Stats
Question Answer % Correct
Base all actions on current and expected behavior of the fire 3
92%
Identify escape routes and safety zones and make them known. 4
92%
Post lookouts when there is possible danger 5
92%
Be alert. Keep calm. Think clearly. Act decisively. 6
92%
Keep informed on fire weather conditions and forecasts 1
85%
Fight fire aggressively having provided for safety first 10
85%
Know what your fire is doing at all times 2
85%
Maintain prompt communications with your forces, your supervisor, and adjoining forces 7
85%
Maintain control of your forces at all times 9
85%
Give clear instructions and be sure they are understood 8
69%
No matching quizzes found
Score Distribution
Percent of People with Each Score
Percentile by Number Answered
Your Score History
You have not taken this quiz